00718nam a22002057a 450000500170000001000170001702000260003403500170006003700190007708200120009610000100010824500500011826000460016827000640021430000310027849001160030950000200042565000470044570000200049220111201103559.0 aB-444776-780 a9780198069133c375.00 aB-444776-780 bAllied Pub/Ven a954.083 d1951- aThe 1857 rebellion /cedited by Biswamoy Pati aNew Delhi bOxford University Pressc2011 aYMCA Library Building, Jai Singh Road, bNew Delhi e110001 axliii, 324p. c24cm (pbk)  aDebates in Indian history and society:edited by Sabyasachi Bhattacharya, B.D. Chattopadhyaya, Richard M. Eaton  aIncludex index  aEducationzIndia xSocial aspectsxHistory aPati, Biswamoy